Statistiques concernant Quelle Couleur ? - N°1

Cliquez ici pour prendre le quiz!

Statistiques générales

  • Ce quiz a été pris 209 fois
  • Le résultat moyen est 4 sur 5

Statistiques - réponses

QuestionRéponse% Correct
Quelle couleur apparaît sur le drapeau de la Grèce ?Bleu
98%
Quelle couleur figure sur le drapeau du Sri Lanka et de l'Inde, mais pas sur celui de l'Afrique du Sud ou du Brésil ?Orange
81%
Quelle couleur n'apparaît pas sur le drapeau de l’Égypte ?Vert
78%
Quelle couleur figure à la fois sur le drapeau du Mali et de l'Uruguay ?Jaune
74%
Quelle couleur figure sur le drapeau de la Barbade mais pas sur celui de la République Centrafricaine ?Noir
43%

Distribution des résultats

Percentile par nombre de réponses

% des personnes avec chaque résultat

Votre développement - résultats

Vous n’avez pas pris ce quiz